02536nam a2200277 a 4500001001000000003000500010005001700015007001500032008004100047035001100088040000900099100003600108245021300144264004100357300006000398336002700458337002900485338004000514502003300554520148800587650002602075650004202101650001602143700004602159856005302205000103851CHAP20250122125526.0cr ||||||a|c|a110121s2010 mx r 00010 spa d a111973 cCHAP1 aHernández Carrillo, Néstor.10aDinámica del crecimiento y desarrollo del fruto en variedades del complejo infraespecífico de chayote Sechium edule (Jacq.) Sw.c/por Néstor Hernández Carrillo; director de tesis Eduardo Campos Rojas. 1aChapingo, Méx. :bEl autor,c2010. a1 recurso en línea (49 páginas):bcuadros, figuras. 2rdacontentatextobtxt 2rdamediaacomputadorabc 2rdacarrierarecursos en líneabcr bIAEFcFitotecniad2010.gLIC aLa familia de las cucurbitáceas agrupa a 90 géneros y 750 especies de las cuales, las de mayor importancia se concentran en 10 géneros, uno de los que más destaca es el de Chayote (Sechium edule (Jacq.) Sw.) debido a que es una hortaliza accesible para estratos sociales de bajos recursos. Es originario de Mesoamérica, donde se encuentra la mayor diversidad genética del género. A pesar de esto, no existe una norma específica de calidad para definir la cosecha del fruto de Chayote con fines de exportación ya que las existentes son ambiguas, con un sentido cualitativo lo que dificulta la aplicación de estas. Por ello el objetivo del presente trabajo fue determinar la oportunidad de cosecha de siete variedades del Complejo infraespecífico de S. edule mediante el análisis de crecimiento en términos de tamaño de fruto (diámetro longitudinal y transversal) en las condiciones ambientales de Huatusco, Veracruz. Las variedades utilizadas fueron: albus dulcis, albus levis, albus minor, nigrum conus, nigrum levis, nigrum minor y virens levis. El estudio comprendió desde la antesis hasta que el fruto alcanzó el tamaño adecuado para su comercialización y consumo. Con base en la Tasa Absoluta de Crecimiento (TAC) fueron identificados tres patrones de crecimiento del fruto en función de desarrollo; así, dos variedades fueron precoces (15 días a cosecha), cuatro intermedios (18 días a cosecha) y una tardía (23 días a cosecha).14aChayotexCrecimiento.14aChayotexFisiología y morfología.14aDinámica.1 aCampos Rojas, EduardoeDirector de tesis. uhttp://10.13.5.2/tesis/111973.pdfzDESCARGAR PDF